Statistics for Name the country #1

Click here to take the quiz!

General Stats

  • This quiz has been taken 40 times
  • The average score is 5 of 5

Answer Stats

HintAnswer% Correct
That is Asian and is enclosed in the Mediterranean Sea along with Corsica, Crete, Sardinia, Sicily, and MaltaCyprus
98%
That is the smallest in EuropeVatican City
98%
That is a South American country named after the equatorEcuador
95%
That is one of the two countries (which isn't Nepal) that's enclosed by India and ChinaBhutan
90%
That has a capital of Bandar Seri BegawanBrunei
75%

Score Distribution

Percentile by Number Answered

Percent of People with Each Score

Your Score History

You have not taken this quiz